[Event "AUTO-ADV-2479"]
[Site "http://www.queenalice.com/game.php?id=1051574"]
[Date "2012.4.22"]
[Round "1"]
[White "andre2006"]
[Black "jadoube1962"]
[Result "0-1"]
[WhiteElo "1812"]
[BlackElo "1981"]

1. e4 c6 2. d4 d5 3. e5 Bf5 4. Nf3 e6 5. c4 dxc4 6. Bxc4 Nd7 7. O-O Nb6 8. Bb3
Ne7 9. Nc3 Ned5 10. Re1 Be7 11. Qe2 O-O 12. Nxd5 cxd5 13. Bf4 Rc8 14. Rac1 Qd7
15. Bg5 h6 16. Bh4 Rfe8 17. Rxc8 Rxc8 18. Bxe7 Qxe7 19. Nd2 Qb4 20. Nf3 Nd7 21.
h4 Nf8 22. Qe3 a5 23. h5 a4 24. Bd1 Qxb2 25. Bxa4 Qxa2 26. Bb3 Qb2 27. Ba4 b5
28. Bd1 Rc3 29. Qf4 b4 30. g4 Bc2 31. Bxc2 Rxc2 32. Rf1 Nh7 33. Qe3 Qa2 34. Qe1
Qc4 35. Qa1 Ra2 36. Qc1 b3 37. Qxc4 dxc4 38. Rb1 Nf8 39. Kg2 Nd7 40. g5 b2 41.
Ne1 c3 42. Nd3 Ra1 43. Rxa1 bxa1=Q 44. gxh6 gxh6 45. Kg3 Qd1 0-1

[Event "AUTO-ADV-2479"]
[Site "http://www.queenalice.com/game.php?id=1051575"]
[Date "2012.4.22"]
[Round "1"]
[White "jadoube1962"]
[Black "andre2006"]
[Result "1-0"]
[WhiteElo "1990"]
[BlackElo "1803"]

1. d4 Nf6 2. c4 e6 3. Nc3 Bb4 4. e3 Bxc3+ 5. bxc3 O-O 6. Bd3 d5 7. c5 Nc6 8. Nf3
Re8 9. O-O e5 10. dxe5 Nxe5 11. Be2 Bf5 12. Nd4 Bg6 13. Bb2 Qd7 14. Rc1 Ne4 15.
Ba3 c6 16. Nf3 b6 17. Nxe5 Qc7 18. Nxg6 fxg6 19. c4 Re5 20. cxd5 cxd5 21. c6 Rd8
22. Qd4 h5 23. Rfd1 Nf6 24. Qf4 g5 25. Qd4 g4 26. Qf4 Kf7 27. e4 g5 28. Qd2 Nxe4
29. Qb4 Rd6 30. Bd3 Nc5 31. Qd4 Ree6 32. Bxc5 bxc5 33. Rxc5 Rxc6 34. Rxd5 Rcd6
35. Rxd6 Rxd6 36. Bc4+ Ke7 37. Qe5+ Kd7 38. Bb5+ Kc8 39. Qxd6 Qxd6 40. Rxd6 Kc7
41. Rd5 Kb6 42. Be8 h4 43. Rxg5 h3 44. gxh3 gxh3 45. Rd5 1-0

[Event "AUTO-ADV-2479"]
[Site "http://www.queenalice.com/game.php?id=1051576"]
[Date "2012.4.22"]
[Round "1"]
[White "andre2006"]
[Black "gomestrovao"]
[Result "1-0"]
[WhiteElo "1832"]
[BlackElo "1809"]

1. e4 e5 2. Nf3 Nc6 3. Bb5 Nd4 4. Nxd4 exd4 5. d3 a6 6. Ba4 Bb4+ 7. c3 dxc3 8.
bxc3 Ba5 9. O-O Nf6 10. Bg5 h6 11. Bh4 g5 12. Bg3 b5 13. Bb3 Bb7 14. f4 Rg8 15.
e5 Nh7 16. Qh5 Rg6 17. f5 Rc6 18. Qxf7# 1-0

[Event "AUTO-ADV-2479"]
[Site "http://www.queenalice.com/game.php?id=1051577"]
[Date "2012.4.22"]
[Round "1"]
[White "gomestrovao"]
[Black "andre2006"]
[Result "1-0"]
[WhiteElo "1789"]
[BlackElo "1794"]

1. e4 c5 2. Bc4 e6 3. Nf3 Nc6 4. d3 d5 5. exd5 exd5 6. Bb5 Bd7 7. Bxc6 Bxc6 8.
O-O Nf6 9. Bg5 Be7 10. Re1 O-O 11. Bxf6 Bxf6 12. c3 Qc7 13. Nbd2 c4 14. d4 Rfe8
15. h3 Rxe1+ 16. Qxe1 Re8 17. Qd1 b5 18. b4 a5 19. a3 axb4 20. axb4 Bd7 21. Ra5
Qf4 22. Ra2 g5 23. Nf1 g4 24. hxg4 Bxg4 25. Qd2 Qf5 26. Ne3 Qg6 27. Nh2 Bh3 28.
g3 Qe4 29. Ra6 Bg5 30. Nhf1 Bxe3 31. Nxe3 Qf3 32. Kh2 Bc8 33. Rh6 Kg7 34. Rh4
Re4 35. Rxe4 dxe4 36. Ng2 Qh5+ 37. Nh4 f5 38. Qf4 Kf6 39. Qe5+ Kg5 40. Qg7+ Qg6
41. Nxg6 hxg6 42. Qe7+ Kg4 43. Kg2 1-0

[Event "Challenge"]
[Site "http://www.queenalice.com/game.php?id=1057643"]
[Date "2012.5.9"]
[Round "-"]
[White "argusvia"]
[Black "andre2006"]
[Result "1-0"]
[WhiteElo "1879"]
[BlackElo "1778"]

1. e4 c5 2. Nf3 d6 3. d4 cxd4 4. Nxd4 e5 5. Nf5 Bxf5 6. exf5 Nf6 7. Bg5 Be7 8.
Bxf6 Bxf6 9. Nc3 Nc6 10. Ne4 Be7 11. Bb5 Qa5+ 12. Nc3 Rd8 13. Bxc6+ bxc6 14. O-O
O-O 15. Qe2 Qb4 16. Rab1 Qf4 17. Qe4 Qxe4 18. Nxe4 d5 19. Nd2 Bg5 20. Nf3 Bf6
21. c3 e4 22. Nd4 Bxd4 23. cxd4 Rfe8 24. Rfe1 Rb8 25. b4 Rb7 26. a3 Reb8 27. Re2
a5 28. Reb2 axb4 29. axb4 Kf8 30. Kf1 Ke7 31. Ke2 Kf6 32. g4 Kg5 33. f3 exf3+
34. Kxf3 Ra8 35. h3 h5 36. gxh5 Kxf5 37. Rb3 Rg8 38. b5 cxb5 39. Rxb5 Rxb5 40.
Rxb5 Rd8 41. Rb7 Ke6 42. Kf4 Rd7 43. Rb2 Kf6 44. Rb6+ Ke7 45. Ke5 f6+ 46. Kf5
Kf8 47. Ke6 Rd8 48. Rd6 Rxd6+ 49. Kxd6 Ke8 50. Kxd5 Ke7 51. Kc6 f5 52. Kd5 Kf6
53. h4 f4 54. Ke4 f3 55. Kxf3 Kf5 56. Kg3 Ke4 57. Kg4 Kxd4 58. Kg5 Ke5 59. Kg6
Kf4 60. Kxg7 Kg4 61. h6 Kxh4 62. h7 Kg4 63. h8=R Kf4 64. Re8 Kf5 65. Kf7 Kf4 66.
Kf6 Kf3 67. Kf5 Kf2 68. Kf4 Kg2 69. Re2+ Kg1 70. Kf3 Kf1 71. Re7 Kg1 72. Rh7 Kf1
73. Rh1# 1-0

[Event "Challenge"]
[Site "http://www.queenalice.com/game.php?id=1059612"]
[Date "2012.5.14"]
[Round "-"]
[White "andre2006"]
[Black "Andromaca"]
[Result "0-1"]
[WhiteElo "1830"]
[BlackElo "1769"]

1. d4 d5 2. e3 Nf6 3. c4 c6 4. Nf3 Bg4 5. cxd5 Qxd5 6. Nc3 Qd8 7. Be2 Bxf3 8.
Bxf3 e6 9. O-O Bd6 10. Re1 O-O 11. e4 e5 12. Be3 b6 13. d5 c5 14. Bg5 Nbd7 15.
Qd2 h6 16. Bh4 g5 17. Bxg5 hxg5 18. Qxg5+ Kh8 19. Qh6+ Kg8 20. Re3 Be7 21. Bd1
Nh7 22. Rh3 Ndf6 23. Bb3 Kh8 24. Re1 Rg8 25. Ree3 Bf8 26. Qh4 Rg4 27. d6 Rxh4
28. Rxh4 Qxd6 29. Bxf7 Qd2 30. g3 Rd8 31. Re2 Qc1+ 32. Kg2 Rd2 33. Rxd2 Qxd2 34.
Bb3 Qxb2 35. Nd5 Nxd5 36. exd5 Kg7 37. Rg4+ Kf6 38. Rg8 Qd4 39. h4 c4 40. Bc2
Qxd5+ 41. Kh3 Qxg8 42. g4 Bc5 43. f3 Nf8 44. g5+ Ke6 45. Kg4 Qf7 46. h5 Qf4+ 47.
Kh3 Qxf3+ 48. Kh2 Qe2+ 49. Kg3 Bf2+ 50. Kh3 Qxc2 51. g6 Nxg6 52. hxg6 Qxg6 0-1

[Event "AUTO-OPEN-2724"]
[Site "http://www.queenalice.com/game.php?id=1076378"]
[Date "2012.6.25"]
[Round "1"]
[White "andre2006"]
[Black "amarkin"]
[Result "0-1"]
[WhiteElo "1782"]
[BlackElo "2502"]

1. e4 d6 2. d4 Nf6 3. Bg5 Nxe4 4. Nf3 Nxg5 5. Nxg5 e5 6. dxe5 Qxg5 7. Nc3 dxe5
8. Qf3 Be7 9. Bc4 O-O 10. O-O Nc6 11. h3 Nd4 12. Qd3 Bf5 13. Ne4 Qf4 14. Rfe1
Rad8 15. Qc3 Bxe4 16. Rad1 Nf3+ 17. gxf3 Bxf3 18. Rc1 Qg5+ 19. Kf1 Qg2# 0-1

[Event "AUTO-OPEN-2724"]
[Site "http://www.queenalice.com/game.php?id=1076379"]
[Date "2012.6.25"]
[Round "1"]
[White "amarkin"]
[Black "andre2006"]
[Result "1-0"]
[WhiteElo "2521"]
[BlackElo "1779"]

1. e4 c5 2. Nf3 d6 3. d4 cxd4 4. Nxd4 e5 5. Bb5+ Bd7 6. Bxd7+ Qxd7 7. Nf5 Nf6 8.
f3 Nc6 9. Bg5 Be7 10. Nxg7+ Kf8 11. Nf5 Rg8 12. Qd2 Nxe4 13. Bh6+ Ke8 14. fxe4
Rg6 15. Nc3 Rc8 16. Nd5 Bf6 17. Nxf6+ Rxf6 18. Ng7+ Ke7 19. Bg5 Kf8 20. Bxf6 Nd4
21. c3 Ne6 22. Qh6 Nxg7 23. Qxg7+ Ke8 24. Qg8# 1-0

[Event "AUTO-OPEN-2724"]
[Site "http://www.queenalice.com/game.php?id=1076380"]
[Date "2012.6.25"]
[Round "1"]
[White "andre2006"]
[Black "alfonso"]
[Result "1-0"]
[WhiteElo "1780"]
[BlackElo "1511"]

1. e4 e5 2. Nf3 f6 3. Bc4 Ne7 4. O-O Ng6 5. d4 d6 6. dxe5 fxe5 7. Qd5 Kd7 8.
Qe6+ Kc6 9. Qd5+ Kd7 10. Bg5 Be7 11. Qf7 Rg8 12. Bxe7 Nxe7 13. Rd1 Qf8 14. Nxe5+
Kd8 15. Qh5 g6 16. Qe2 Qf4 17. Bxg8 Qxe5 18. Nc3 Nxg8 19. Rd5 Qe6 20. Rad1 Nf6
21. R5d4 Qe5 22. f3 Nc6 23. R4d2 Be6 24. Qe3 Ke8 25. f4 Qh5 26. h3 Rd8 27. a3 b6
28. Ne2 Na5 29. b3 Kf8 30. Ng3 Qb5 31. f5 gxf5 32. Qh6+ Ke7 33. Qg7+ Bf7 34.
Nxf5+ Ke6 35. Nd4+ Ke7 36. Nxb5 Rg8 37. Qh6 Rg6 38. Qe3 Kf8 39. Nxc7 Nh5 40.
Rxd6 Rg3 41. Qh6+ Rg7 42. Rf1 Ke7 43. e5 Nb7 44. Nd5+ Ke8 45. Rc6 Nd8 46. e6
Nxe6 47. Rxe6+ Bxe6 48. Qxe6+ Kd8 49. Rf8# 1-0

[Event "AUTO-OPEN-2724"]
[Site "http://www.queenalice.com/game.php?id=1076381"]
[Date "2012.6.25"]
[Round "1"]
[White "alfonso"]
[Black "andre2006"]
[Result "0-1"]
[WhiteElo "1535"]
[BlackElo "1785"]

1. e4 c5 2. Bc4 e6 3. Nf3 f5 4. e5 Nc6 5. d3 d6 6. Bb5 Bd7 7. Bg5 Be7 8. h4 Qa5+
9. Nc3 O-O-O 10. Bd2 Qb6 11. Rh3 dxe5 12. Bg5 e4 13. Nh2 Bxg5 14. hxg5 Nd4 15.
a4 Bxb5 16. axb5 Nxb5 17. Na4 Qc7 18. g6 h6 19. c4 Nd4 20. Nc3 exd3 21. Rxd3
Qxh2 22. Rxa7 Qxg2 23. Ra8+ Kd7 24. Qa4+ Ke7 25. Ra7 Qg1+ 26. Kd2 Qxf2+ 27. Kc1
Ne2+ 28. Kc2 Nd4+ 29. Kb1 Rd7 30. Ka2 Nf6 31. Qa5 Nc6 32. Rxd7+ Kxd7 33. Rxb7+
Ke8 34. Qa8+ Nd8 35. Rb8 Ke7 36. Rc8 Qd2 37. Qa7+ Nd7 38. Rc7 f4 39. Qxc5+ Qd6
40. Qa7 Nc6 41. Rxd7+ Qxd7 42. Qc5+ Qd6 43. Qb6 Nb4+ 44. Qxb4 Qxb4 45. Nb1 Ra8+
46. Na3 Qxc4+ 47. Kb1 Qd3+ 48. Ka2 f3 49. b3 f2 50. Kb2 f1=Q 51. Nc2 Qfe2 52.
Kc1 Qexc2# 0-1

[Event "Challenge"]
[Site "http://www.queenalice.com/game.php?id=1088106"]
[Date "2012.7.28"]
[Round "-"]
[White "plot24"]
[Black "andre2006"]
[Result "0-1"]
[WhiteElo "1559"]
[BlackElo "1805"]

1. d4 Nf6 2. c4 e6 3. Nc3 Bb4 4. Bd2 d5 5. e3 O-O 6. Qc2 Nc6 7. a3 Bxc3 8. Bxc3
Ne4 9. Nf3 f5 10. Bd3 Nxc3 11. Qxc3 b6 12. O-O Qe7 13. cxd5 exd5 14. Qxc6 Be6
15. Rac1 Rfc8 16. Ba6 Rd8 17. Qxc7 Qf6 18. Rc6 Rd7 19. Qxd7 Bxd7 20. Rxf6 gxf6
21. Bb7 Re8 22. Bxd5+ Be6 23. Bxe6+ Rxe6 24. g3 Kg7 25. Nh4 Kh6 26. Nxf5+ Kg5
27. Nh4 Rc6 28. Rd1 a5 29. Rd2 Rc1+ 30. Kg2 Rc6 31. Nf3+ Kf5 32. Ng1 b5 33. f3
b4 34. axb4 axb4 0-1

[Event "Challenge"]
[Site "http://www.queenalice.com/game.php?id=1088510"]
[Date "2012.7.29"]
[Round "-"]
[White "andre2006"]
[Black "delgado1971"]
[Result "1-0"]
[WhiteElo "1769"]
[BlackElo "1690"]

1. d4 Nf6 2. c4 e5 3. e3 exd4 4. exd4 Bb4+ 5. Bd2 Qe7+ 6. Be2 Nc6 7. Nf3 O-O 8.
O-O Re8 9. Bd3 Bxd2 10. Qxd2 d5 11. Nc3 Bg4 12. Rfe1 Qd7 13. Ne5 Nxe5 14. dxe5
dxc4 15. exf6 Qc6 16. fxg7 cxd3 17. Qxd3 Re6 18. Rxe6 Qxe6 19. Qg3 Re8 20. h3
Bh5 21. Qxc7 1-0

[Event "AUTO-ADV-2599"]
[Site "http://www.queenalice.com/game.php?id=1096674"]
[Date "2012.8.26"]
[Round "1"]
[White "beckhamf2000"]
[Black "andre2006"]
[Result "1-0"]
[WhiteElo "1906"]
[BlackElo "1811"]

1. e4 c5 2. Nf3 Nc6 3. d4 cxd4 4. Nxd4 Nxd4 5. Qxd4 d6 6. Be3 e5 7. Qa4+ Bd7 8.
Qb3 b6 9. Bc4 Qf6 10. Nc3 Ne7 11. Nb5 g6 12. Nc7+ Kd8 13. Nxa8 Bc6 14. Bxb6+ Ke8
15. Ba5 Kd7 16. Qb8 Bh6 17. Qc7+ Ke8 18. Qd8# 1-0

[Event "AUTO-ADV-2599"]
[Site "http://www.queenalice.com/game.php?id=1096675"]
[Date "2012.8.26"]
[Round "1"]
[White "andre2006"]
[Black "beckhamf2000"]
[Result "0-1"]
[WhiteElo "1778"]
[BlackElo "2102"]

1. d4 Nf6 2. c4 e6 3. Bg5 Bb4+ 4. Nd2 h6 5. Bh4 c5 6. a3 Bxd2+ 7. Qxd2 g5 8. Bg3
Ne4 9. Qe3 Nxg3 10. Qxg3 Qa5+ 11. Qc3 Qxc3+ 12. bxc3 b6 13. d5 d6 14. e4 Nd7 15.
Nf3 Kd8 16. Be2 Kc7 17. O-O e5 18. a4 f5 19. exf5 Nf6 20. a5 Bxf5 21. a6 b5 22.
cxb5 Nxd5 23. c4 Nf4 24. Bd1 Bd3 25. Re1 Bxc4 26. Ba4 Rab8 27. Rab1 Ne2+ 28. Kh1
Nc3 29. Ra1 Nxa4 30. Rxa4 Bxb5 31. Ra5 Bc6 32. Nd2 Rb2 33. Nc4 Rxf2 34. Kg1
Rxg2+ 35. Kf1 Rf8# 0-1

[Event "AUTO-ADV-2599"]
[Site "http://www.queenalice.com/game.php?id=1096690"]
[Date "2012.8.26"]
[Round "1"]
[White "Rouletabosse"]
[Black "andre2006"]
[Result "0-1"]
[WhiteElo "1672"]
[BlackElo "1794"]

1. Nf3 d5 2. d4 e6 3. a3 Nc6 4. h3 Nf6 5. Bf4 Bd6 6. Bxd6 Qxd6 7. e3 O-O 8. c4
b6 9. cxd5 Nxd5 10. Bd3 e5 11. dxe5 Nxe5 0-1

[Event "AUTO-ADV-2599"]
[Site "http://www.queenalice.com/game.php?id=1096702"]
[Date "2012.8.26"]
[Round "1"]
[White "andre2006"]
[Black "voodoozebra"]
[Result "0-1"]
[WhiteElo "1775"]
[BlackElo "1715"]

1. e4 e6 2. Nf3 Nc6 3. d4 Nf6 4. e5 Ng4 5. Bb5 Nb4 6. Bf4 Nd5 7. Qd2 c6 8. Bc4
b5 9. Bb3 Bb4 10. c3 Ba5 11. Bxd5 cxd5 12. b4 Bb6 13. O-O h6 14. a4 Ba6 15. h3
bxa4 16. Rxa4 Bxf1 17. Kxf1 f5 18. hxg4 fxg4 19. Ne1 Qh4 20. Bg3 Qh1+ 21. Ke2 g5
22. Kd1 Bd8 23. Na3 h5 24. f4 gxf3 25. gxf3 h4 26. Qxg5 Bxg5 0-1

[Event "AUTO-ADV-2599"]
[Site "http://www.queenalice.com/game.php?id=1096703"]
[Date "2012.8.26"]
[Round "1"]
[White "voodoozebra"]
[Black "andre2006"]
[Result "1-0"]
[WhiteElo "1684"]
[BlackElo "1799"]

1. e4 c5 2. Nc3 e6 3. Bc4 Nc6 4. Nh3 Nf6 5. d3 d5 6. exd5 exd5 7. Qe2+ Be7 8.
Bb3 Bxh3 9. gxh3 O-O 10. Bf4 Re8 11. O-O-O Bd6 12. Qf3 Bxf4+ 13. Qxf4 d4 14. Nb5
Qd7 15. Rhg1 Qxh3 16. Nc7 Rad8 17. Nxe8 Rxe8 18. Qc7 Qh6+ 19. Kb1 Re7 20. Qd6
Qh5 21. Rde1 Rd7 22. Qxf6 1-0